00202nam a2200085 a 450000500170000000800410001705000250005824500120008365000210009520140414093842.0090122s19uu xx uuu eng d aDVD 791.43bLEV 2003 aLevity. aMotion pictures.